000 00540nam a22001937a 4500
003 KOHA_MİRAKIL
005 20250416171552.0
008 250416b tu ||||| |||| 00| 0 tur d
020 _a9789750845550
040 _aTR-AnABB
_btur
_cTR-AnABB
041 _atur
082 _a813.42
_bUMI 2023
100 1 _aÜmit, Ahmet,
245 1 0 _aAşkımız eski bir roman /
_cAhmet Ümit
260 _aİstanbul :
_bYapı Kredi Yayınları ,
_c2020
300 _a224 sayfa ;
_c23 cm
650 0 4 _aTürk edebiyatı, roman
942 _2ddc
_cBK
999 _c8723
_d8723
900 _bGizem YORULMAZ